| 000 | 00801cam a2200217 4500 | ||
|---|---|---|---|
| 001 | ABS62788 | ||
| 008 | 000000n2000 000 0 eng u | ||
| 035 | _a(Sirsi) u108020 | ||
| 245 | _aTrust implications of flat management companies, service charge funds and sinking funds | ||
| 260 | _c2000 | ||
| 490 |
_aTax Bulletin _vAugust 2000, 770-774(5) |
||
| 520 | _aProvides detailed guidance on the scope of the Landlord and Tenant Act 1987s42, which covers flat management companies and trusts. Outlines when the Act applies and what to do where it does not apply. | ||
| 590 | _aABS | ||
| 650 | _aFLAT MANAGEMENT COMPANIES | ||
| 650 | _aTRUSTS | ||
| 650 | _aSERVICE CHARGE FUNDS | ||
| 650 | _aSINKING FUNDS | ||
| 650 | _aLANDLORD AND TENANT ACT 1987 S42 | ||
| 690 | _aPROPERTY | ||
| 942 | _n0 | ||
| 999 |
_c64536 _d64536 |
||